Sports Quiz

Random Sports or NFL Quiz

NFL Top 5 Receivers Quiz Stats

 Plays Quiz Updated Feb 23, 2019

Score 0/245 Timer 12:00
0 Plays Today
Year Player % Correct
2008Calvin Johnson
94.7%
2011Calvin Johnson
94.7%
2012Calvin Johnson
94.7%
2017Antonio Brown
94.6%
2009Andre Johnson
94.2%
2008Andre Johnson
94.2%
2012Andre Johnson
94.1%
2007Chad Johnson
93.8%
2006Chad Johnson
93.8%
2005Chad Johnson
93.8%
2003Chad Johnson
93.8%
2016Antonio Brown
93.8%
2015Antonio Brown
93.2%
2013Calvin Johnson
93%
2018Julio Jones
92.6%
2017Julio Jones
92.3%
2014Antonio Brown
92.1%
2016Julio Jones
92%
2015Julio Jones
91.4%
2009Randy Moss & Reggie Wayne
90.2%
1996Jerry Rice
89.5%
1995Jerry Rice
89.5%
1994Jerry Rice
89.5%
1993Jerry Rice
89.5%
1992Jerry Rice
89.5%
1991Jerry Rice
89.5%
1990Jerry Rice
89.5%
1989Jerry Rice
89.5%
1988Jerry Rice
89.5%
1987Jerry Rice
89.5%
1986Jerry Rice
89.5%
2014Julio Jones
89.3%
2009Sidney Rice
88.4%
2007Randy Moss
88.2%
2003Randy Moss
88.2%
2002Randy Moss
88.2%
2000Randy Moss
88.2%
1999Randy Moss
88.2%
1998Randy Moss
88.2%
2005Santana Moss
87.2%
2013Antonio Brown
87.1%
2008Steve Smith
81.5%
2005Steve Smith
81.5%
2011Steve Smith
81.4%
2001Jimmy Smith
81.1%
2000Rod Smith
81.1%
1999Jimmy Smith
81.1%
1998Rod Smith
81.1%
1998Jimmy Smith
81.1%
1997Jimmy Smith
81.1%
1996Jimmy Smith
81.1%
1987J.T. Smith
81%
2007Reggie Wayne
77.9%
2006Reggie Wayne
77.9%
2010Reggie Wayne
77.8%
1999Tim Brown
77.4%
1997Tim Brown
77.4%
1994Tim Brown
77.4%
1993Tim Brown
77.4%
2006Marvin Harrison
77.2%
2002Marvin Harrison
77.2%
2001Marvin Harrison
77.2%
1999Marvin Harrison
77.2%
1988Eddie Brown
77.2%
2016Odell Beckham Jr.
75.4%
2007Terrell Owens
75.3%
2001Terrell Owens
75.3%
2000Terrell Owens
75.3%
2015Odell Beckham
73.2%
2009Wes Welker
72.8%
2011Wes Welker
72.6%
2014Demaryius Thomas
72.5%
2012Vincent Jackson
71.9%
1973Harold Jackson
71.9%
1972Harold Jackson
71.9%
2013Demaryius Thomas
71.4%
2008Larry Fitzgerald
71.2%
2007Larry Fitzgerald
71.2%
2005Larry Fitzgerald
71.2%
2018DeAndre Hopkins
71.1%
2011Larry Fitzgerald
71%
2018Tyreek Hill
69.8%
Year Player % Correct
2013A.J. Green
68.6%
2017DeAndre Hopkins
66.6%
1988Anthony Carter
64.9%
2008Roddy White
64.5%
2010Roddy White
64.5%
1976Sammy White
64.1%
2014Jordy Nelson
64%
2012Demaryius Thomas
62.7%
1984Roy Green
62.6%
1983Roy Green
62.6%
2004Torry Holt
61.7%
2003Torry Holt
61.7%
2001Torry Holt
61.7%
2000Torry Holt
61.7%
1995Michael Irvin
61%
1993Michael Irvin
61%
1992Michael Irvin
61%
1991Michael Irvin
61%
2015Brandon Marshall
60%
2004Issac Bruce
59.3%
2000Issac Bruce
59.3%
1996Issac Bruce
59.3%
1995Issac Bruce
59.3%
2012Brandon Marshall
59.3%
2015DeAndre Hopkins
58%
2018Mike Evans
57.5%
2016Mike Evans
56.1%
2016T.Y. Hilton
55%
2014Emmanuel Sanders
54.7%
2002Hines Ward
54.5%
2005Anquan Boldin
54.5%
2003Anquan Boldin
54.5%
2017Keenan Allen
52.1%
2013Josh Gordon
50.4%
2010Greg Jennings
48.7%
1977Lynn Swann
47.4%
2006Donald Driver
46.7%
2006Roy Williams
46.3%
1994Andre Reed
45.9%
1989Andre Reed
45.9%
2018JuJu Smith-Schuster
45.8%
1996Jake Reed
45.7%
2011Victor Cruz
44.9%
2017Adam Thielen
44.4%
1985Steve Largent
44.1%
1981Steve Largent
44.1%
1979Steve Largent
44.1%
1978Steve Largent
44.1%
1993Sterling Sharpe
43%
1992Sterling Sharpe
43%
1990Sterling Sharpe
43%
1989Sterling Sharpe
43%
1985Art Monk
39.6%
1984Art Monk
39.6%
2002Plaxico Burress
39.5%
1988Ricky Sanders
38.9%
2010Mike Wallace
38.3%
1972Otis Taylor
37%
1971Otis Taylor
37%
1996Herman Moore
36.6%
1995Herman Moore
36.6%
1997Rob Moore
36.5%
1991Gary Clark
36.1%
1990Gary Clark
36.1%
1987Gary Clark
36%
1986Gary Clark
36%
1982Dwight Clark
36%
1984John Stallworth
34.9%
1979John Stallworth
34.9%
1977John Stallworth
34.9%
1984Mark Clayton
34.4%
2009Miles Austin
33.2%
1970Dick Gordon
32.7%
2004Muhsin Muhammad
32.6%
1986Mark Duper
31.7%
1976Cliff Branch
31.3%
1975Cliff Branch
31.3%
1974Cliff Branch
31.3%
2004Joe Horn
31.2%
2002Amani Toomer
30.5%
2004Javon Walker
30.5%
1978Wesley Walker
30.4%
Year Player % Correct
2003Derrick Mason
30.4%
1998Antonio Freeman
30.2%
1993Andre Rison
29.7%
1992Andre Rison
29.7%
1990Andre Rison
29.7%
1982Kellen Winslow
27.2%
1980Kellen Winslow
27.2%
1987Drew Hill
26.9%
1985Drew Hill
26.9%
2001David Boston
25.9%
2010Brandon Lloyd
24.6%
1984James Lofton
24.3%
1983James Lofton
24.3%
1982James Lofton
24.3%
1981James Lofton
24.3%
1980James Lofton
24.3%
1998Eric Moulds
23.6%
1997Irving Fryar
23.1%
1999Marcus Robinson
21%
1971Fred Biletnikoff
20.7%
1977Drew Pearson
20.4%
1975Drew Pearson
20.4%
1974Drew Pearson
20.4%
1978Harold Carmichael
19.9%
1973Harold Carmichael
19.9%
1980John Jefferson
19.6%
1979John Jefferson
19.6%
1978John Jefferson
19.6%
1982Cris Collinsworth
19%
1994Henry Ellard
18.1%
1990Henry Ellard
18.1%
1989Henry Ellard
18.1%
1988Henry Ellard
18.1%
1980Charlie Joiner
17.7%
1976Charlie Joiner
17.7%
1972Gene Washington
16.8%
1971Gene Washington
16.8%
1970Gene Washington
16.8%
1981Frank Lewis
16.7%
1979Frank Lewis
16.7%
1986Al Toon
15.8%
1995Robert Brooks
15.2%
1986Stanley Morgan
14.7%
1971Paul Warfield
13.9%
1973Charle Young
13.7%
1985Wes Chandler
13%
1982Wes Chandler
13%
1994Terance Mathis
12.5%
1985Mike Quick
12.1%
1983Mike Quick
12.1%
1980Ahmad Rashad
11.3%
1979Ahmad Rashad
11.3%
1976Roger Carr
11%
1981Alfred Jenkins
9.5%
1975Issac Curtis
9.4%
1973Issac Curtis
9.4%
1997Yancey Thigpen
9.3%
1975Mel Gray
8.5%
1974Mel Gray
8.5%
1981Steve Watson
8.3%
1991Haywood Jeffires
8.3%
1989Mark Carrier
8.1%
1987Carlos Carson
6.9%
1983Carlos Carson
6.9%
1977James Scott
6.8%
1983Todd Christensen
6.7%
1975Ken Burrough
6.5%
1977Ken Burrough
6.5%
1976Ken Burrough
6.5%
1991Michael Haynes
6.4%
1973John Gilliam
6.4%
1972John Gilliam
6.4%
1970John Gilliam
6.4%
1992Fred Barnett
6.1%
1974Gary Garrison
6%
1971Gary Garrison
6%
1970Gary Garrison
6%
1978Pat Tilley
4.8%
1972Rich Caster
4.7%
1970Marlin Briscoe
4.6%
1974Ron Jessie
4%

You're not logged in!

Compare scores with friends on all Sporcle quizzes.
OR
Log In

You Might Also Like...

Show Comments

Extras

Top Quizzes Today


Score Distribution

Your Account Isn't Verified!

In order to create a playlist on Sporcle, you need to verify the email address you used during registration. Go to your Sporcle Settings to finish the process.

Report this User

Report this user for behavior that violates our Community Guidelines.

Details: